Where`s your little sister

Bibliographic Details
Main Author: Morrow, Jan
Format: Book
Published: Petaling Jaya : Longman , 1992
Series:Magic box series
Subjects:

MARC

LEADER 00000cam a2200000 7i4500
001 0000001785
002 000001943
005 20000330.0
020 |a 967976821X 
090 0 0 |a JF   |b MOR 
100 1 |a Morrow, Jan 
245 1 0 |a Where`s your little sister   |c Jan Morrow 
260 |a Petaling Jaya :   |b Longman ,   |c 1992 
300 |a 14 p. :   |b ill. ;   |c 21 cm. 
490 0 |a Magic box series 
650 0 0 |a Children's stories 
999 |a 026346   |b BUKU   |c PINJAMAN   |e PERPUSTAKAAN KOMUNITI PETALING JAYA 
999 |a 034392   |b BUKU   |c PINJAMAN   |e PERPUSTAKAAN KOMUNITI PETALING JAYA 
999 |a 034394   |b BUKU   |c PINJAMAN   |e PERPUSTAKAAN KOMUNITI PETALING JAYA